000 00644nam a22002057a 4500
999 _c32310
_d32310
003 OSt
005 20210701103544.0
008 210701b ||||| |||| 00| 0 eng d
040 _cBCRI
082 _a030
245 _aEnciclopedia COMBI Visual
_cDirección: Sven Lidman; Ilustrador: Erik Magnusson; Edición: Ann-Marie Lund.
260 _aBarcelona
_bEdiciones Danae
_c1971
300 _a5 v.
_bil.
_c25 cm.
504 _aIncluye referencias bibliográficas
650 0 _93638
_aEnciclopedias
700 _945430
_aLidman, Sven
700 _945431
_aMagnusson, Erik
700 _945432
_aLund, Ann-Marie
942 _2ddc
_cBK
_hprozim